000 01210nam a22002537a 4500
999 _c10039
_d10039
003 AR-CdUCM
008 190329b ||||| |||| 00| 0 spa d
040 _aMUNICIPALIDAD PROVINCIAL DEL CUSCO
_cBIBLIOTECA MUNICIPAL DEL CUSCO
082 _a985.311 /
_bAN62 / 1957.
100 _aAntúnez de Mayolo, Santiago
_926653
245 _aLa sublevación de los indios del Callejón de Huaylas /
260 _aLima :
_bEdiciones de la revista "El Luzuriaguino",
_c1957.
300 _a16 páginas ;
_c24.5 cm.
440 _aColección homenaje centenario de Huaraz
_n : 1
_926654
500 _aDonación de la familia Nieto. Publicación artesanal.
505 _aContenido: Breve biografía del autor -- Causas de la sublevación -- El gobernador Collazos y las trenzas de los alcaldes de capa y vara -- Trágico fin de la guarnición de Huaraz -- La noticia de la sublevación en Aija -- La dictadura de Atusparia -- La rebelión de Carhuaz y Yungay ...
650 _aAtusparia, Pedro Pablo
_926655
650 _aIndígenas - Perú - Huaraz
_926656
650 _aCochachin, Pedro
_926657
650 _aHuaraz - Historia
_926658
710 _aEl Luzuriaguino
_926659
942 _2ddc
_cLIBROS
945 _alccs